| 000 | 01588nam a2200265Ia 4500 | ||
|---|---|---|---|
| 999 |
_c51491 _d51491 |
||
| 001 | 18477 | ||
| 003 | GE_BSU | ||
| 005 | 20250501162505.0 | ||
| 008 | 181216s2016||||ge |||||||||||||| ||geo|| | ||
| 020 | _a9789941084478 | ||
| 040 | _cGE_BSU | ||
| 041 | _ageo | ||
| 080 | _a821.353.1.09 ქ-27 | ||
| 245 |
_aქართველი მწერლები : ბიოგრაფიები, ხელნაწერები, ფოტოები : _b[წიგნი-ალბომი] / _cლიტერატურის მუზეუმი; პროექტის ავტორი დავით ყანჩაშვილი ; რედაქტორები: ნინო კერესელიძე, მარიკა დაუშვილი; დიზაინერი თამარ დემეტრაშვილი. |
||
| 264 |
_aთბილისი : _bნოტა-ბენე, _c2016. |
||
| 300 |
_a399 გვ. : _bფოტ. ; _c30 სმ. |
||
| 541 | _h120 ლ. | ||
| 653 | _aქართველი მწერლები | ||
| 700 |
_aყანჩაშვილი, დავით _e პროექტის ავტორი _924981 |
||
| 700 |
_aკერესელიძე, ნინო _e რედაქტორი _924982 |
||
| 700 |
_aდაუშვილი, მარიკა _eრედაქტორი. _924983 |
||
| 700 |
_aდემეტრაშვილი, თამარ _e დიზაინერი _9176 |
||
| 710 |
_aლიტერატურის მუზეუმი. _919433 |
||
| 942 |
_cBK _2udc |
||